00350nam a2200145Ia 4500003000400000005001700004008004100021040000700062041000800069082001800077100002400095245003300119260004000152365001200192OSt20230530095335.0210423s1999 xx 000 0 und d cAL aeng a170 KAIM223 aKAITHOLIT (George). aMake leadership your target. aMumbaibBetter Yourself Booksc1999 b21cINR